000 01311cam a2200373Ia 4500
001 10778568
003 OSt
005 20211021152807.0
006 m d
007 cr n
008 100927s2010 nyua s 001 0 eng d
020 _a9781441975621
035 _a(WaSeSS)ssj0000671591
038 _akhadija
040 _aCaPaEBR
_cCaPaEBR
_dWaSeSS
050 4 _aTK7895.E42
_bS7655 2010eb
082 _a621.381
_bSTO
100 1 _aStollon, Neal.
_983327
210 1 0 _aOn-chip instrumentation
245 1 0 _aOn-chip instrumentation :
_bdesign and debug for systems on chip /
_cNeal Stollon.
260 _aNew York :
_bSpringer,
_c2010.
500 _aIncludes index.
506 _aLicense restrictions may limit access.
563 _aHardcover
650 0 _aSystems on a chip
_xDesign and construction.
_983328
650 0 _aEmbedded computer systems
_xDesign and construction.
_981535
650 0 _aDebugging in computer science.
_936764
655 7 _aElectronic books.
_2local
_9621
710 2 _aebrary, Inc.
_9622
773 0 _tSpringerLink ebooks - Engineering (2011)
856 4 0 _uhttp://www.columbia.edu/cgi-bin/cul/resolve?clio10778568
_zFull text available from SpringerLink ebooks - Engineering (2011)
910 _aVendor-generated brief record
942 _2ddc
_cBK
999 _c32965
_d32965